<?xml version="1.0" encoding="UTF-8"?>
<marc:record xmlns:marc="http://www.loc.gov/MARC21/slim">
   <marc:leader>00000nam a2200000 a 4500</marc:leader>
   <marc:datafield ind1="0" ind2="0" tag="245">
      <marc:subfield code="a">Drome Racers</marc:subfield>
   </marc:datafield>
   <marc:datafield ind1=" " ind2="1" tag="264">
      <marc:subfield code="b">Electronic Arts</marc:subfield>
      <marc:subfield code="c">2002</marc:subfield>
   </marc:datafield>
   <marc:datafield ind1="1" ind2=" " tag="520">
      <marc:subfield code="a">Bei den gnadenlosen Rennen dieses Games setzen die Fahrer sogar Äxte und Minen ein, um die diesjährige Drome-Meisterschaft zu gewinnen. Der Spieler ist der Superfahrer Max Axel, den auf jeder der Strecken zahlreiche Herausforderungen erwarten, und das nicht nur auf regulären Straßen, sondern auch bei Dragster-Duellen und offroad. Er kann 18 Wagen steuern, die auf der "2002 LEGO Racers"-Reihe basieren und für jedes Rennen optimal eingestellt werden müssen.</marc:subfield>
   </marc:datafield>
   <marc:datafield ind1="0" ind2=" " tag="490">
      <marc:subfield code="v">0</marc:subfield>
   </marc:datafield>
</marc:record>
